Dinámica de grupos: técnicas y tácticas
Guardat en:
| Autors principals: | , , |
|---|---|
| Format: | Llibre |
| Idioma: | espanyol |
| Publicat: |
Ciudad de México
Concepto
1991
|
| Matèries: | |
| Etiquetes: |
Afegir etiqueta
Sense etiquetes, Sigues el primer a etiquetar aquest registre!
|
MARC
| LEADER | 00000nam a2200000 a 4500 | ||
|---|---|---|---|
| 001 | UCW7176 | ||
| 003 | CL-VaPUC | ||
| 008 | 920914e19910000MX |||||||||||||||||spa|d | ||
| 082 | 0 | 4 | |a 302.3 |b GON |2 21 |
| 100 | |a González Núñez, José de Jesús |e author |9 457117 | ||
| 700 | 0 | |a Monroy de Velasco, Anameli |e author |9 312319 | |
| 700 | 0 | |a Kupferman Silbertein, Ethel |e author |9 312320 | |
| 245 | 1 | 0 | |a Dinámica de grupos: técnicas y tácticas |
| 300 | |a 134 p | ||
| 942 | |c BK | ||
| 945 | |d 19920914 00:00:00 | ||
| 260 | |a Ciudad de México |b Concepto |c 1991 | ||
| 650 | 0 | |a Dinámica de grupos |9 259862 | |
| 650 | 0 | |a Interacción social |9 307764 | |
| 583 | |a last modification |c 19920914 00:00:00 |k Rodrigo Vera | ||
| 999 | |c 220030 |d 220028 | ||
| 952 | |0 0 |1 0 |4 0 |6 302_300000000000000_GON_1991 |7 0 |8 A |9 211757 |a BIBEDU |b BIBEDU |d 2019-11-15 |i 279893K |o 302.3 GON 1991 |p 279893K |r 2019-11-15 |w 2019-11-15 |y BK |k EDU | ||